Žebrácka opera : na téma Johna Gaye /
Uložené v:
| Hlavný autor: | |
|---|---|
| Médium: | Kniha |
| Jazyk: | Czech |
| Vydané: |
Praha :
Dilia,
1990.
|
| Vydanie: | 1. vyd. |
| Edícia: | Minus 21 - edice bez dohledu
|
| ISBN: |
8020300686 (brož.) |
| Fyzický popis: |
85 s. |
| Tagy: |
Pridať tag
Žiadne tagy, Buďte prvý kto otaguje tento záznam!
|
Titul je dostupný aj v ... 

MARC
| LEADER | 00000nam a2200000 a 4500 | ||
|---|---|---|---|
| 001 | 000269727 | ||
| 005 | 20111223093324.0 | ||
| 008 | 060828s1990 xr e 000 0 czeo | ||
| 020 | |a 8020300686 (brož.) | ||
| 040 | |a SVKKK |b slo |c SVKKK |e AACR2 | ||
| 041 | 0 | |a cze | |
| 044 | |a xr |c CZ | ||
| 100 | 1 | |a Havel, Václav, |d 1936-2011 | |
| 245 | 1 | 0 | |a Žebrácka opera : |b na téma Johna Gaye / |c Václav Havel. |
| 250 | |a 1. vyd. | ||
| 260 | |a Praha : |b Dilia, |c 1990. | ||
| 300 | |a 85 s. | ||
| 440 | 0 | |a Minus 21 - edice bez dohledu | |
| 919 | |a 80-203-0068-6 | ||
| 998 | |a BK | ||
| 090 | |g SCKHL |k Sklad Pribinova 2. posch. |a II.334567 |j 809761 |i B64791 |s Absenčne | ||